[Event "Barcelona Vila de Gracia op 7th"]
[Site "Barcelona"]
[Date "2013.11.08"]
[Round "4"]
[White "Valls Marti, Artur"]
[Black "Gonzalez Garcia, Marc"]
[Result "0-1"]
[WhiteElo "2211"]
[BlackElo "2229"]
[PlyCount "92"]
[EventDate "2013.10.11"]
[EventType "swiss"]
[EventRounds "9"]
[EventCountry "ESP"]
[SourceTitle "EXT 2015"]
[Source "ChessBase"]
[SourceDate "2014.11.20"]
[SourceVersion "1"]
[SourceVersionDate "2014.11.20"]
[SourceQuality "1"]

1. e4 c5 2. Nf3 e6 3. c4 Nc6 4. Nc3 Nf6 5. Be2 a6 6. 0-0 Qc7 7. a3 b6 8. d4 cxd4 9. Nxd4 Bd6 10. g3 Nxd4 11. Qxd4 h5 12. Qd3 h4 13. f4 hxg3 14. hxg3 Bb7 15. Be3 Bc5 16. b4 Bxe3+ 17. Qxe3 d6 18. Rac1 Rc8 19. Bf3 Ke7 20. e5 dxe5 21. fxe5 Nd7 22. Bxb7 Qxb7 23. Ne4 f5 24. Nd6 Qh1+ 25. Kf2 Qh2+ 26. Ke1 Rb8 27. Qg5+ Kf8 28. Nxf5 exf5 29. Rxf5+ Kg8 30. e6 Re8 31. e7 Qg2 32. Rf2 Rh1+ 33. Ke2 Qe4+ 34. Kd2 Qd4+ 35. Ke2 Rxc1 36. Qxc1 Rxe7+ 37. Kf1 Ne5 38. Qg5 Qxc4+ 39. Kg1 Qe6 40. Kg2 Qd5+ 41. Kf1 Qh1+ 42. Ke2 Nc6+ 43. Kd3 Qe4+ 44. Kc3 Qd4+ 45. Kb3 Qxf2 46. Qd5+ Qf7 0-1